000 00426nam a22001577a 4500
003 CEME
005 20210628203637.0
008 210317b xxu||||| |||| 00| 0 eng d
040 _c.
082 _a623.5
100 _aEdney
_966669
245 _aComputer aided engineering for mechanical engineer
260 _bPRENTICE HALL
_c1991
650 _aCOMPUTER AIDED ENGINEERING FOR MECHANICAL ENGINEER
_966670
942 _cBK
_2ddc
999 _c574602
_d574602